000 00556nam a2200181Ia 4500
999 _c3523
_d3523
003 OSt
005 20200821140720.0
008 190216s9999||||xx |||||||||||||| ||und||
020 _a9780195695861
040 _coclc
082 _a660.20286
_bANA/G
100 _aAnastas, Paul T
_94276
245 0 _aGreen Chemistry:
_bTheory and Practice /
_cPaul T Anastas ; John C Warner
260 _bOxford University Press,
_c2008.
_aNew Delhi:
300 _a135p
650 _aChemistry
942 _cBK
_2ddc
_h660.20286
_iANA/G
_k660.20286
_mANA/G